000 00601nam a2200193 i 4500
001 167574
003 ES-MaACL
005 20230906213544.0
008 170821s1968 sp |||| | spa d
080 _a821.134.2(728.4)-14"19"
100 0 _aCea, José Roberto.
_937261
245 1 0 _aTodo el códice /
_cJosé Roberto Cea.
260 _aMadrid :
_bCultura Hispánica,
_c1968.
300 _a131 p. ;
_c20 cm.
490 1 _aColección poética "Leopoldo Panero" ;
_v6
830 1 _aColección poética "Leopoldo Panero" ;
_v6
_9182594
852 _aES-MaACL
_jP-2 Nº 6
999 _c167574
_d167574